Hearts of Iron 4 DLC - Statistics

General Stats
  • This quiz has been taken 424 times
    73 since last reset
  • The average score is 8 of 13
Answer Stats
Year Released Answer % Correct
2021 No Step Back
85%
2018 Waking the Tiger
83%
2019 Man the Guns
80%
2020 La Résistance
73%
2020 Battle for the Bosporus
63%
2022 By Blood Alone
63%
2024 Götterdämmerung
63%
2023 Arms Against Tyranny
59%
2025 Graveyard of Empires
56%
2017 Death or Dishonor
49%
2016 Together for Victory
46%
2025 No Compromise, No Surrender
44%
2024 Trial of Allegiance
37%
No matching quizzes found
Score Distribution
Percent of People with Each Score
Percentile by Number Answered
Your Score History
You have not taken this quiz since the last reset